MARC details
| 000 -LEADER |
| fixed length control field |
01457cam a2200409 a 4500 |
| 001 - CONTROL NUMBER |
| control field |
completebookofbr00eige |
| 003 - CONTROL NUMBER IDENTIFIER |
| control field |
CaSfIA |
| 005 - DATE AND TIME OF LATEST TRANSACTION |
| control field |
20230525155238.0 |
| 007 - PHYSICAL DESCRIPTION FIXED FIELD--GENERAL INFORMATION |
| fixed length control field |
cr|||| |
| 008 - FIXED-LENGTH DATA ELEMENTS--GENERAL INFORMATION |
| fixed length control field |
861001s1987 nyua b 001 0 eng |
| 010 ## - LIBRARY OF CONGRESS CONTROL NUMBER |
| LC control number |
86040201 |
| 040 ## - CATALOGING SOURCE |
| Original cataloging agency |
DLC |
| Transcribing agency |
DLC |
| Modifying agency |
AGL |
| -- |
MBU |
| -- |
BAKER |
| -- |
BTCTA |
| -- |
YDXCP |
| -- |
CaSfIA |
| 020 ## - INTERNATIONAL STANDARD BOOK NUMBER |
| International Standard Book Number |
0894801538 (pbk.) : |
| Terms of availability |
$6.95 |
| 020 ## - INTERNATIONAL STANDARD BOOK NUMBER |
| International Standard Book Number |
9780894801532 (pbk.) |
| 035 ## - SYSTEM CONTROL NUMBER |
| System control number |
(OCoLC)14413224 |
| 050 00 - LIBRARY OF CONGRESS CALL NUMBER |
| Classification number |
RJ216 |
| Item number |
.E34 1987 |
| 070 0# - NATIONAL AGRICULTURAL LIBRARY CALL NUMBER |
| Classification number |
RJ216.E3 |
| Item number |
1987 |
| 072 #0 - SUBJECT CATEGORY CODE |
| Subject category code |
T200 |
| 082 00 - DEWEY DECIMAL CLASSIFICATION NUMBER |
| Classification number |
649/.33 |
| Edition number |
19 |
| 096 ## - LOCALLY ASSIGNED NLM-TYPE CALL NUMBER (OCLC) |
| Classification number |
WS 125 E34c 1987 |
| 029 1# - OTHER SYSTEM CONTROL NUMBER (OCLC) |
| OCLC library identifier |
NZ1 |
| System control number |
3973673 |
| 029 1# - OTHER SYSTEM CONTROL NUMBER (OCLC) |
| OCLC library identifier |
AU@ |
| System control number |
000004894033 |
| 100 1# - MAIN ENTRY--PERSONAL NAME |
| Personal name |
Eiger, Marvin S. |
| 245 14 - TITLE STATEMENT |
| Title |
The complete book of breastfeeding / |
| Medium |
[electronic resource] |
| Statement of responsibility, etc. |
by Marvin S. Eiger & Sally Wendkos Olds ; photography by Roe Di Bona ; illustrated by Wendy Wray. |
| 250 ## - EDITION STATEMENT |
| Edition statement |
Totally rev. |
| 260 ## - PUBLICATION, DISTRIBUTION, ETC. |
| Place of publication, distribution, etc. |
New York : |
| Name of publisher, distributor, etc. |
Workman Pub., |
| Date of publication, distribution, etc. |
1987. |
| 300 ## - PHYSICAL DESCRIPTION |
| Extent |
318 p. : |
| Other physical details |
ill. ; |
| Dimensions |
23 cm. |
| 500 ## - GENERAL NOTE |
| General note |
Olds's name appears first on the earlier edition. |
| 504 ## - BIBLIOGRAPHY, ETC. NOTE |
| Bibliography, etc. note |
Bibliography: p. 286-303. |
| 500 ## - GENERAL NOTE |
| General note |
Includes index. |
| 650 #0 - SUBJECT ADDED ENTRY--TOPICAL TERM |
| Topical term or geographic name entry element |
Breastfeeding. |
| 650 #0 - SUBJECT ADDED ENTRY--TOPICAL TERM |
| Topical term or geographic name entry element |
Mothers |
| General subdivision |
Health and hygiene. |
| 650 12 - SUBJECT ADDED ENTRY--TOPICAL TERM |
| Topical term or geographic name entry element |
Breast Feeding. |
| 700 1# - ADDED ENTRY--PERSONAL NAME |
| Personal name |
Olds, Sally Wendkos. |
| 856 41 - ELECTRONIC LOCATION AND ACCESS |
| Uniform Resource Identifier |
<a href="http://www.archive.org/details/completebookofbr00eige">http://www.archive.org/details/completebookofbr00eige</a> |
| Public note |
Free eBook from the Internet Archive |
| 856 42 - ELECTRONIC LOCATION AND ACCESS |
| Uniform Resource Identifier |
<a href="http://www.openlibrary.org/books/OL2739460M">http://www.openlibrary.org/books/OL2739460M</a> |
| Public note |
Additional information and access via Open Library |